000 00319nam a2200133Ia 4500
008 220216s9999 xx 000 0 und d
100 _aJessy M D
245 0 _aIdavilayayi kaitha: Aasankakalum uthrangalum
260 _bRubber
_c2015
300 _a10-Aug
650 _aIntercrops
650 _aPineapple
942 _cJS
999 _c60584
_d60584